000 00765nam0a22002411 4500
001 rc\3551628
005 20250610020811.0
035 _a(NLR Aleph) 007638432
090 _a6099746
_c6099746
100 _a20130115d1970 |||y0rusy50 ca
101 0 _arus
102 _aRU
105 _ay z |||||
200 1 _aСтенографический отчет
_fВосьмой пленум ВЦСПС. 27-28 янв. 1970 г.
210 _aМосква
_cПрофиздат
_d1970
215 _a324 с.
_d22
333 _aДля служебного пользования. Экз. № 00016
710 1 2 _aВЦСПС. Пленум (1970, январь)
801 0 _aRU
_bNLR
_gpsbo
801 1 _aRU
_bELAR
_2rusmarc
852 _aNLR
_j50К/23503
942 _cBOOK
980 _aNB